000
00341nam a2200145Ia 4500
001
37629
005
20240114001939.0
007
ta
008
070614s a g b000 u u
245
0
_a
Walter Pater ; The Renaissance /
_h
Textual Documents
300
_b
ill ;
653
_a
English Literature
942
_2
ddc
_c
BK
999
_c
37605
_d
37605